000 00341nam a22001457a 4500
008 230427b ||||| |||| 00| 0 eng d
020 _a9781932703269
041 _aeng
080 _23RD EDITION
_a616.53
082 _a616.53CRO
100 _a14
101 _aPEDIA
245 _aPEDIATRICS BOARD REVIEW
_cCROSS/HANNAMAN
942 _2udc
_cBK
999 _c59623
_d59623